000 00814cab a2200229 4500
001 ABS55233
008 090401t1996 xxu||||| |||| 00| 0 eng d
035 _a(Sirsi) u15004
041 _aeng
100 _aRiley, M.
245 2 _aA stitch in time could avert disaster for your company
260 _c1996
350 _a0
490 _aProperty Week
_v55(8) 23 May 1996, 28-29(2)
520 _aGives tips for busy managers for forward planning. Suggests putting in place a policy-making forum, studying the competition, partner/staff ratios, ensuring you have up-to-date financial information and more.
650 _aBUSINESS PLANNING
650 _aPRACTICE MANAGEMENT
650 _aSURVEYING FIRMS
690 _aMANAGEMENT-BUSINESS MANAGEMENT-PROFESSIONAL PRACTICE
942 _n0
948 _c04/03/1997
999 _c9798
_d9798